000 00591nam a2200181Ia 4500
008 100920s9999 xx 000 0 und d
082 _b104505
_a28 व 891,43 न 08
100 _aइन्दुरख्या शरद.
245 _aश्वसन-संहति.
260 _bबिंदिया,जबलपुर.
_c2008
300 _a16
_bसाधी
365 _b20
520 _aबा.वि.हिंदी.
630 _aश्वसन-संहति.
650 _aबा.वि.हिंदी.
730 _aश्वसन-संहति.
942 _cBOOK
999 _c744937
_d744934